|
|
|
|
| LEADER |
01419cam a2200313 a 4500 |
| 001 |
13017130 |
| 005 |
20030806085735.0 |
| 008 |
021202s2004 njua 001 0 eng |
| 010 |
|
|
|a 2002037080
|
| 020 |
|
|
|a 0130082139
|a 013120680x
|
| 040 |
|
|
|a DLC
|c DLC
|d DLC
|
| 050 |
0 |
0 |
|a HF5635
|b .H333 2004
|
| 082 |
0 |
0 |
|a 657
|2 21
|
| 100 |
1 |
|
|a Harrison, Walter T.
|9 1221
|
| 245 |
1 |
0 |
|a Financial accounting /
|c Walter T. Harrison, Jr., Charles T. Horngren.
|
| 250 |
|
|
|a 5th ed.
|
| 260 |
|
|
|a Upper Saddle River, N.J. :
|b Prentice Hall,
|c c2004.
|
| 300 |
|
|
|a xii, 726 p. :
|b col. ill. ;
|c 29 cm. +
|e 1 CD-ROM (4 3/4 in.)
|
| 500 |
|
|
|a Includes indexes.
|
| 538 |
|
|
|a System requirements for accompanying CD-ROM: Microsoft Windows 98, 2000, NT, ME, or XP.
|
| 541 |
|
|
|d 00012356
|
| 650 |
|
0 |
|a Accounting.
|9 1222
|
| 700 |
1 |
|
|a Horngren, Charles T.,
|d 1926-
|9 1223
|
| 906 |
|
|
|a 7
|b cbc
|c orignew
|d 1
|e ocip
|f 20
|g y-gencatlg
|
| 942 |
|
|
|2 ddc
|c BK
|
| 955 |
|
|
|a pc03 2002-12-02 to SSCD
|i se30 2002-12-07
|a aa19 2002-12-09
|a ps04 2003-05-07 1 copy rec'd., to CIP ver.
|
| 999 |
|
|
|c 10870
|d 10870
|
| 952 |
|
|
|0 0
|1 0
|2 ddc
|4 0
|6 657_000000000000000_HAR
|7 0
|9 16588
|a BRACUL
|b BRACUL
|c GEN
|d 2011-05-21
|g 180.00
|l 6
|m 22
|o 657 HAR
|p 3010012356
|q 2026-06-02
|r 2026-05-20
|s 2026-05-20
|t 1
|w 2011-05-21
|y BK
|
| 952 |
|
|
|0 0
|1 0
|2 ddc
|4 0
|6 657_000000000000000_HAR
|7 0
|9 17952
|a BRACUL
|b BRACUL
|c GEN
|d 2011-09-06
|g 180.00
|l 2
|m 4
|o 657 HAR
|p 3010012355
|r 2016-07-25
|s 2016-06-30
|t 2
|w 2011-09-06
|y BK
|